Normal view
MARC view
Entry Topical Term
001 - CONTROL NUMBER
- control field: 42554
003 - CONTROL NUMBER IDENTIFIER
- control field: ARRUPE
005 - DATE AND TIME OF LATEST TRANSACTION
- control field: 20180925121656.0
008 - FIXED-LENGTH DATA ELEMENTS
- fixed length control field: 180925|| aca||aabn | a|a d
040 ## - CATALOGING SOURCE
- Original cataloging agency: ARRUPE
- Transcribing agency: ARRUPE
150 ## - HEADING--TOPICAL TERM
- Topical term or geographic name as entry element: Welfare receipts
- General subdivision: Attitudes
670 ## - SOURCE DATA FOUND
- Source citation: Work cat.: (ARRUPE): Biestek, Felix Paul 1912 42552, Client self-determination in social work : , c1978